[Event "EU-ch (Women) 24th"]
[Site "Rhodes"]
[Date "2024.04.27"]
[Round "8"]
[White "Szente Varga, Fruzsina"]
[Black "Skuhala, Barbara"]
[Result "0-1"]
[WhiteElo "2025"]
[BlackElo "2162"]
[PlyCount "118"]
[EventDate "2024.04.19"]
[EventType "swiss"]
[EventRounds "10"]
[EventCountry "GRE"]
[SourceTitle "CB18_2024"]
[SourceDate "2024.05.01"]
[SourceVersion "1"]
[SourceVersionDate "2024.05.01"]
[SourceQuality "2"]

1. e4 c5 2. Nc3 d6 3. f4 g6 4. Nf3 Bg7 5. Bc4 Nc6 6. 0-0 Nf6 7. d3 0-0 8. Qe1 e6 9. f5 d5 10. e5 dxc4 11. exf6 Bxf6 12. fxg6 fxg6 13. Ne4 Bg7 14. Bg5 Qc7 15. Qh4 e5 16. dxc4 Bf5 17. Rae1 Rae8 18. Nfd2 b6 19. g4 Bxe4 20. Nxe4 Nd4 21. Bf6 Nxc2 22. Re2 Nd4 23. Re3 Qc6 24. Ree1 h6 25. g5 h5 26. Qf2 Qe6 27. b3 Qg4+ 28. Kh1 Qe6 29. Qg2 Nf5 30. Rd1 Ne3 31. Qe2 Nxf1 32. Qxf1 Qg4 33. Qd3 Qe6 34. Rf1 Rf7 35. Rd1 Bxf6 36. gxf6 Rxf6 37. Nxf6+ Qxf6 38. Rf1 Qe6 39. Qe4 a5 40. Rg1 Kg7 41. Rg5 Qf6 42. h4 Re6 43. Kg2 Qe7 44. Rg3 Qe8 45. Re3 Qe7 46. Rg3 Qe8 47. Re3 a4 48. Rd3 axb3 49. axb3 Rf6 50. Re3 Rf5 51. Kg3 Kh6 52. Rd3 Qe7 53. Qa8 Rf8 54. Qc6 Rf4 55. Kg2 Qxh4 56. Rg3 Rg4 57. Rxg4 Qxg4+ 58. Kf2 Qf4+ 59. Ke2 e4 0-1

[Event "Mediterranean Flower (Women) 24th"]
[Site "Rijeka"]
[Date "2024.03.08"]
[Round "8"]
[White "Skuhala, Barbara"]
[Black "Zagorac, Lara"]
[Result "0-1"]
[WhiteElo "2188"]
[BlackElo "1894"]
[PlyCount "68"]
[EventDate "2024.03.03"]
[EventType "tourn"]
[EventRounds "9"]
[EventCountry "CRO"]
[SourceTitle "CB11_2024"]
[SourceDate "2024.03.13"]
[SourceVersion "1"]
[SourceVersionDate "2024.03.13"]
[SourceQuality "1"]

1. e4 c5 2. Nc3 d6 3. d4 cxd4 4. Qxd4 Nc6 5. Qd2 g6 6. b3 Bg7 7. Bb2 Nf6 8. 0-0-0 0-0 9. f3 Be6 10. Kb1 a5 11. a4 Nd7 12. g4 Nc5 13. Nd5 Bxb2 14. Kxb2 Bxd5 15. exd5 Nb4 16. c3 Nba6 17. h4 Qb6 18. Bb5 Nc7 19. c4 Nxb5 20. cxb5 Nd7 21. g5 Rac8 22. Ne2 Rc5 23. Nc3 Rfc8 24. Rc1 Qc7 25. h5 Nf8 26. Qd4 e5 27. Qd2 b6 28. hxg6 Nxg6 29. Rhd1 Nf4 30. Rh1 Qb7 31. Rxh7 Kxh7 32. Qh2+ Kg8 33. Ne4 Nd3+ 34. Ka3 Rxc1 0-1

[Event "Mediterranean Flower (Women) 24th"]
[Site "Rijeka"]
[Date "2024.03.04"]
[Round "3"]
[White "Hnatyshyn, Anastasiya"]
[Black "Skuhala, Barbara"]
[Result "0-1"]
[WhiteElo "2178"]
[BlackElo "2188"]
[PlyCount "74"]
[EventDate "2024.03.03"]
[EventType "tourn"]
[EventRounds "9"]
[EventCountry "CRO"]
[SourceTitle "CB11_2024"]
[SourceDate "2024.03.13"]
[SourceVersion "1"]
[SourceVersionDate "2024.03.13"]
[SourceQuality "1"]

1. e4 c5 2. Nf3 d6 3. d4 cxd4 4. Nxd4 Nf6 5. Nc3 a6 6. h3 e5 7. Nf3 Be7 8. g4 h6 9. Rg1 b5 10. g5 hxg5 11. Nxg5 Bb7 12. Be3 Qc7 13. a4 b4 14. Nd5 Nxd5 15. exd5 Nd7 16. b3 Nf6 17. Bc4 Qa5 18. Qd2 Bxd5 19. Bb6 Qxb6 20. Bxd5 Nxd5 21. Qxd5 0-0 22. 0-0-0 Rac8 23. Qe4 Bxg5+ 24. Rxg5 Qc6 25. Qf5 f6 26. Rg3 Rfe8 27. h4 d5 28. h5 e4 29. Rd2 e3 30. fxe3 Qc3 31. Rdg2 Qa1+ 32. Kd2 Qc3+ 33. Kd1 Re7 34. h6 g5 35. Rd2 d4 36. Qxf6 Qa1+ 37. Ke2 d3+ 0-1

[Event "EU-chT (Women) 24th"]
[Site "Budva"]
[Date "2023.11.11"]
[Round "1.2"]
[White "Mammadova, Gulnar Marfat Qizi"]
[Black "Skuhala, Barbara"]
[Result "1-0"]
[WhiteElo "2350"]
[BlackElo "2201"]
[PlyCount "59"]
[EventDate "2023.11.11"]
[EventType "team-swiss"]
[EventRounds "9"]
[EventCountry "MNE"]
[SourceTitle "CB47_2023"]
[SourceDate "2023.11.22"]
[SourceVersion "1"]
[SourceVersionDate "2023.11.22"]
[SourceQuality "1"]
[WhiteTeam "Azerbaijan (W)"]
[BlackTeam "Slovenia (W)"]
[WhiteTeamCountry "AZE"]
[BlackTeamCountry "SLO"]

1. e4 c5 2. Nf3 d6 3. Bb5+ Bd7 4. Bxd7+ Qxd7 5. c4 Nf6 6. Nc3 g6 7. d4 cxd4 8. Nxd4 Bg7 9. f3 0-0 10. Be3 Rc8 11. b3 a6 12. Rc1 Nc6 13. a4 e6 14. 0-0 d5 15. Nxc6 bxc6 16. e5 Ne8 17. f4 f6 18. exf6 Nxf6 19. a5 Rd8 20. Bb6 Re8 21. Qe2 Qe7 22. Qd3 Nd7 23. Na4 Nxb6 24. axb6 c5 25. cxd5 Bd4+ 26. Kh1 exd5 27. Nxc5 Be3 28. Rc2 Kh8 29. b4 a5 30. bxa5 1-0

[Event "Vienna Ottakring 100 Years"]
[Site "Vienna"]
[Date "2023.08.31"]
[Round "6"]
[White "Skuhala, Barbara"]
[Black "Radnaev, Nomin"]
[Result "1-0"]
[WhiteElo "2200"]
[BlackElo "2013"]
[PlyCount "91"]
[EventDate "2023.08.26"]
[EventType "swiss"]
[EventRounds "9"]
[EventCountry "AUT"]
[SourceTitle "EXT 2024"]
[Source "ChessBase"]
[SourceDate "2023.10.10"]
[SourceVersion "1"]
[SourceVersionDate "2023.10.10"]
[SourceQuality "1"]

1. e4 c5 2. Nf3 d6 3. d4 cxd4 4. Nxd4 Nf6 5. Nc3 a6 6. Be3 e5 7. Nb3 Be6 8. h3 Be7 9. Qf3 0-0 10. g4 b5 11. g5 Nfd7 12. h4 b4 13. Nd5 Nc6 14. Rg1 a5 15. Nd2 Nc5 16. Qg2 Re8 17. h5 Nd4 18. Rc1 Bxd5 19. exd5 Nf5 20. Bxc5 dxc5 21. Bb5 Rf8 22. Bd3 Qc8 23. Qe4 g6 24. Nc4 Qd8 25. Rd1 Nd6 26. Nxd6 Qxd6 27. Qh4 h6 28. hxg6 e4 29. Qxh6 Qxg6 30. Qxg6+ fxg6 31. Bxe4 Ra6 32. b3 Kg7 33. Ke2 Rd6 34. f3 Rd7 35. Kd3 Bd6 36. Rh1 Bf4 37. Rdg1 Rd6 38. Kc4 Re8 39. Rg4 Be5 40. Rgh4 Kg8 41. Rh6 Kg7 42. Rh7+ Kg8 43. Ra7 Bg7 44. Rxa5 Bd4 45. Rh6 Kf8 46. Bxg6 1-0

[Event "Vienna Ottakring 100 Years"]
[Site "Vienna"]
[Date "2023.08.30"]
[Round "5"]
[White "Baidetsky, Valentin"]
[Black "Skuhala, Barbara"]
[Result "1-0"]
[WhiteElo "2492"]
[BlackElo "2200"]
[PlyCount "105"]
[EventDate "2023.08.26"]
[EventType "swiss"]
[EventRounds "9"]
[EventCountry "AUT"]
[SourceTitle "EXT 2024"]
[Source "ChessBase"]
[SourceDate "2023.10.10"]
[SourceVersion "1"]
[SourceVersionDate "2023.10.10"]
[SourceQuality "1"]

1. e4 c5 2. Nf3 d6 3. d4 cxd4 4. Nxd4 Nf6 5. Nc3 a6 6. h3 e5 7. Nf3 h5 8. a4 Be7 9. Bc4 Be6 10. Qe2 Qd7 11. Bg5 Bxc4 12. Qxc4 Nc6 13. Bxf6 Bxf6 14. Nd5 Bd8 15. 0-0 0-0 16. Rfd1 Rc8 17. Qd3 Qe6 18. c3 g6 19. Nd2 Ne7 20. Nf1 Nxd5 21. Qxd5 Qxd5 22. Rxd5 Be7 23. g3 Rc6 24. f4 f6 25. Ne3 Bd8 26. Kg2 Bb6 27. Nc2 Bc7 28. a5 Kf7 29. f5 gxf5 30. exf5 Rg8 31. Ra4 Rg5 32. h4 Rg8 33. Ne3 Ke7 34. Kf3 Kd7 35. Rd2 Rc5 36. Nd5 Bd8 37. Ra1 Rc4 38. Rad1 Rcg4 39. Nxf6+ Bxf6 40. Rxd6+ Kc7 41. Rxf6 Rxg3+ 42. Ke4 R8g4+ 43. Kxe5 Re3+ 44. Kd5 Rxh4 45. Rf7+ Kc8 46. Rg1 Rd3+ 47. Ke5 Re3+ 48. Kf6 Rg4 49. Rxg4 hxg4 50. Rg7 g3 51. Kf7 Rf3 52. f6 Kd8 53. c4 1-0

[Event "Vienna Ottakring 100 Years"]
[Site "Vienna"]
[Date "2023.08.29"]
[Round "4"]
[White "Hoegl, Emanuel"]
[Black "Skuhala, Barbara"]
[Result "0-1"]
[WhiteElo "2083"]
[BlackElo "2200"]
[PlyCount "78"]
[EventDate "2023.08.26"]
[EventType "swiss"]
[EventRounds "9"]
[EventCountry "AUT"]
[SourceTitle "EXT 2024"]
[Source "ChessBase"]
[SourceDate "2023.10.10"]
[SourceVersion "1"]
[SourceVersionDate "2023.10.10"]
[SourceQuality "1"]

1. d4 Nf6 2. c4 e6 3. Nf3 b6 4. g3 Ba6 5. Qc2 c5 6. d5 exd5 7. cxd5 Bb7 8. e4 Qe7 9. Nc3 Nxd5 10. Nxd5 Bxd5 11. Nd2 Nc6 12. Bg2 Nd4 13. Qd3 Bc6 14. 0-0 g6 15. Nc4 Bg7 16. Bf4 Bb5 17. a4 Bxc4 18. Qxc4 0-0 19. Rad1 Rac8 20. Rfe1 d6 21. h4 Rfe8 22. Rd2 Rcd8 23. Re3 Ne6 24. e5 dxe5 25. Rxd8 Qxd8 26. Bxe5 Bxe5 27. Rxe5 Nd4 28. Rxe8+ Qxe8 29. Bd5 Kg7 30. Kg2 Qe5 31. Bxf7 Qe4+ 32. Kg1 Nf3+ 33. Kh1 Qe1+ 34. Kg2 Ne5 35. Qe6 Qe4+ 36. Kh2 Qd4 37. Be8 Qxf2+ 38. Kh1 Qf1+ 39. Kh2 Nf3# 0-1

[Event "Titled Tuesday intern op 08th Aug Early"]
[Site "Chess.com INT"]
[Date "2023.08.08"]
[Round "1"]
[White "Skuhala, Barbara"]
[Black "Petrosian, Karlen"]
[Result "0-1"]
[WhiteElo "2200"]
[BlackElo "2348"]
[PlyCount "146"]
[EventDate "2023.08.08"]
[EventType "swiss (blitz)"]
[EventRounds "11"]
[EventCountry "USA"]
[SourceTitle "EXT 2024"]
[Source "ChessBase"]
[SourceDate "2023.10.10"]
[SourceVersion "1"]
[SourceVersionDate "2023.10.10"]
[SourceQuality "1"]

1. e4 e6 2. d4 d5 3. Nc3 Nf6 4. Bg5 dxe4 5. Nxe4 Be7 6. Bxf6 gxf6 7. Nf3 f5 8. Ng3 h5 9. Qd3 h4 10. Ne2 a6 11. 0-0-0 Nc6 12. Kb1 Nb4 13. Qb3 b5 14. c3 Nd5 15. Ne5 Nb6 16. f4 Bb7 17. Rg1 Bd5 18. c4 Nxc4 19. Nxc4 Bxc4 20. Qf3 Qd5 21. Nc3 Qxf3 22. gxf3 Bxf1 23. Rgxf1 c6 24. Ne2 Rg8 25. Rf2 Kd7 26. Nc1 Bd6 27. Nd3 Kc7 28. Rc2 Kb6 29. Rdc1 Rac8 30. a3 h3 31. b4 Rg2 32. Kb2 Rxc2+ 33. Rxc2 Rg8 34. Kc3 Rg1 35. Kb3 Rf1 36. Rf2 Rxf2 37. Nxf2 Bxf4 38. Nxh3 Bxh2 39. Ng5 Bf4 40. Nxf7 Kc7 41. Nh8 Kd7 42. Ng6 Bg3 43. f4 Kd6 44. Kc3 a5 45. bxa5 Be1+ 46. Kd3 Bxa5 47. Ne5 Kd5 48. Nd7 Bc7 49. Nf6+ Kd6 50. Ke3 Ke7 51. Nh5 Bd6 52. Ng3 Bxa3 53. Ne2 Kd6 54. Kd3 Bb4 55. Nc1 Ba5 56. Ne2 Bc7 57. Nc3 Ke7 58. Na2 Bxf4 59. Nb4 Kd7 60. Nc2 Bd6 61. Ke3 c5 62. dxc5 Bxc5+ 63. Kf4 Ke7 64. Ke5 Bd6+ 65. Kd4 Kf6 66. Ne3 f4 67. Nf1 Kf5 68. Kd3 e5 69. Ke2 e4 70. Kf2 Bc5+ 71. Ke2 f3+ 72. Ke1 Kf4 73. Nd2 Bb4 0-1

[Event "Titled Tuesday intern op 01st Aug Late"]
[Site "Chess.com INT"]
[Date "2023.08.01"]
[Round "3"]
[White "Gasparyan, Davit"]
[Black "Skuhala, Barbara"]
[Result "1-0"]
[WhiteElo "2157"]
[BlackElo "2200"]
[PlyCount "61"]
[EventDate "2023.08.01"]
[EventType "swiss (blitz)"]
[EventRounds "11"]
[EventCountry "USA"]
[SourceTitle "EXT 2024"]
[Source "ChessBase"]
[SourceDate "2023.10.10"]
[SourceVersion "1"]
[SourceVersionDate "2023.10.10"]
[SourceQuality "1"]

1. d4 Nf6 2. e3 e6 3. Bd3 d5 4. b3 Be7 5. Bb2 0-0 6. Nd2 b6 7. Ngf3 c5 8. 0-0 Ba6 9. Bxa6 Nxa6 10. c4 Nb8 11. Ne5 Nfd7 12. Ndf3 f6 13. Nd3 Nc6 14. Nf4 Qc8 15. Nxe6 Re8 16. cxd5 Nb4 17. dxc5 Nxc5 18. Nf4 Bd6 19. a3 Nba6 20. Rc1 Qf5 21. Nd4 Qg5 22. Nfe6 Qh6 23. g3 Ne4 24. Nf5 Qg6 25. Nfxg7 Re7 26. Nh5 Rae8 27. Qf3 Nd2 28. Nxf6+ Kh8 29. Qe2 Nxf1 30. Nxe8+ Kg8 31. Nxd6 1-0

[Event "Titled Tuesday intern op 25th Jul Late"]
[Site "Chess.com INT"]
[Date "2023.07.25"]
[Round "2"]
[White "Martinez Martin, David"]
[Black "Skuhala, Barbara"]
[Result "1-0"]
[WhiteElo "2385"]
[BlackElo "2200"]
[PlyCount "65"]
[EventDate "2023.07.25"]
[EventType "swiss (blitz)"]
[EventRounds "11"]
[EventCountry "USA"]
[SourceTitle "EXT 2024"]
[Source "ChessBase"]
[SourceDate "2023.10.10"]
[SourceVersion "1"]
[SourceVersionDate "2023.10.10"]
[SourceQuality "1"]

1. d4 Nf6 2. Nf3 e6 3. e3 d5 4. Bd3 Bd6 5. 0-0 0-0 6. c4 b6 7. Nc3 Bb7 8. Qc2 Nbd7 9. cxd5 exd5 10. Nb5 Qe7 11. Nxd6 Qxd6 12. b3 Rfe8 13. Bb2 Ne4 14. Rac1 Rac8 15. Ne5 f6 16. Bxe4 dxe4 17. Nc6 a5 18. Na7 Rb8 19. Qxc7 Qe6 20. Nc6 Bxc6 21. Qxc6 Qg4 22. h3 Qf5 23. g4 Qe6 24. Qxe6+ Rxe6 25. Rc7 Rd6 26. Rfc1 Kf7 27. Kg2 Rd5 28. R1c6 Kg6 29. f4 Nf8 30. f5+ Kh6 31. Ba3 b5 32. Bd6 Rd8 33. Bf4+ 1-0

[Event "Titled Tuesday intern op 11th Jul Early"]
[Site "Chess.com INT"]
[Date "2023.07.11"]
[Round "4"]
[White "Fiorito, Francisco"]
[Black "Skuhala, Barbara"]
[Result "1-0"]
[WhiteElo "2298"]
[BlackElo "2200"]
[PlyCount "101"]
[EventDate "2023.07.11"]
[EventType "swiss (blitz)"]
[EventRounds "11"]
[EventCountry "USA"]
[SourceTitle "EXT 2024"]
[Source "ChessBase"]
[SourceDate "2023.10.10"]
[SourceVersion "1"]
[SourceVersionDate "2023.10.10"]
[SourceQuality "1"]

1. d4 Nf6 2. Nc3 d5 3. Bf4 e6 4. Nb5 Bd6 5. Nxd6+ cxd6 6. e3 Nc6 7. c3 e5 8. Bg3 0-0 9. Nf3 Re8 10. Be2 Bf5 11. 0-0 Bg6 12. Qb3 Qb6 13. Qa3 Rad8 14. Rad1 e4 15. Nd2 Nb8 16. c4 Qa6 17. Qb3 Qb6 18. Qxb6 axb6 19. cxd5 Nxd5 20. Nc4 Re6 21. Rc1 Nc6 22. a3 Kf8 23. Nd2 Nde7 24. Bc4 d5 25. Ba2 Nc8 26. Rc2 f5 27. h4 Bf7 28. Rfc1 Ree8 29. Nb1 h6 30. Bf4 Ke7 31. Nc3 Be6 32. b4 Kf6 33. b5 Na5 34. Ne2 Ne7 35. Be5+ Kf7 36. h5 Rc8 37. Nf4 Rxc2 38. Rxc2 Rd8 39. Rc7 Rd7 40. Rxd7 Bxd7 41. Bxd5+ Nxd5 42. Nxd5 Bxb5 43. Nxb6 Be2 44. d5 Bxh5 45. d6 Nc6 46. Bc3 g5 47. Kf1 Ke6 48. d7 Ke7 49. Bb4+ Kd8 50. Bc3 Nb8 51. Bf6+ 1-0

[Event "Titled Tuesday intern op 11th Jul Early"]
[Site "Chess.com INT"]
[Date "2023.07.11"]
[Round "2"]
[White "Palczert, Matyas"]
[Black "Skuhala, Barbara"]
[Result "0-1"]
[WhiteElo "2340"]
[BlackElo "2200"]
[PlyCount "78"]
[EventDate "2023.07.11"]
[EventType "swiss (blitz)"]
[EventRounds "11"]
[EventCountry "USA"]
[SourceTitle "EXT 2024"]
[Source "ChessBase"]
[SourceDate "2023.10.10"]
[SourceVersion "1"]
[SourceVersionDate "2023.10.10"]
[SourceQuality "1"]

1. e4 c5 2. Nf3 d6 3. d4 cxd4 4. Nxd4 Nf6 5. Nc3 a6 6. Qf3 e5 7. Nf5 Bxf5 8. Qxf5 Nbd7 9. Be3 Be7 10. 0-0-0 Rc8 11. g4 h6 12. Nd5 Nxd5 13. exd5 Qc7 14. Bd3 Nc5 15. Bxc5 Qxc5 16. h4 g6 17. Qf3 a5 18. h5 g5 19. Qf5 a4 20. Bb5+ Kf8 21. Bxa4 Ra8 22. Bb3 Qb4 23. Rh3 Qf4+ 24. Qxf4 gxf4 25. Rc3 Bd8 26. f3 Rg8 27. Bc4 Rg5 28. a3 f5 29. gxf5 Rxh5 30. Bd3 Rh2 31. Be4 h5 32. Rb3 b6 33. Rc3 h4 34. Rc6 Ke7 35. Rg1 h3 36. f6+ Kf8 37. Bh7 Rg2 38. Rd1 h2 39. Rxd6 Rg1 0-1

[Event "Titled Tuesday intern op 04th Jul Early"]
[Site "Chess.com INT"]
[Date "2023.07.04"]
[Round "2"]
[White "Lehtosaari, Mauri"]
[Black "Skuhala, Barbara"]
[Result "1/2-1/2"]
[WhiteElo "2176"]
[BlackElo "2200"]
[PlyCount "81"]
[EventDate "2023.07.04"]
[EventType "swiss (blitz)"]
[EventRounds "11"]
[EventCountry "USA"]
[SourceTitle "EXT 2024"]
[Source "ChessBase"]
[SourceDate "2023.10.10"]
[SourceVersion "1"]
[SourceVersionDate "2023.10.10"]
[SourceQuality "1"]

1. d4 Nf6 2. Nf3 e6 3. Bg5 d5 4. Nbd2 Be7 5. e3 b6 6. Bd3 Ba6 7. Bxa6 Nxa6 8. Ne5 Nb8 9. 0-0 Nfd7 10. Bxe7 Qxe7 11. f4 0-0 12. Rf3 f6 13. Nxd7 Nxd7 14. Rh3 e5 15. Qh5 g6 16. Qh4 Rf7 17. Rg3 Re8 18. Nf1 exd4 19. exd4 f5 20. Qxe7 Rfxe7 21. Rc3 Nf6 22. Nd2 Ne4 23. Nxe4 dxe4 24. Kf2 Rd7 25. Rc4 Red8 26. c3 c5 27. Ke3 cxd4+ 28. cxd4 b5 29. Rb4 a5 30. Rxb5 Rxd4 31. Re1 Rd3+ 32. Kf2 R8d5 33. Rb8+ Kg7 34. Rb7+ Kh6 35. Re3 Rxe3 36. Kxe3 Rc5 37. Kd2 Rd5+ 38. Ke2 Rc5 39. Kd2 Rd5+ 40. Ke2 Rc5 41. Kd2 1/2-1/2

[Event "Titled Tuesday intern op 30th May Late"]
[Site "Chess.com INT"]
[Date "2023.05.30"]
[Round "8"]
[White "Sanhueza, Cristian"]
[Black "Skuhala, Barbara"]
[Result "1/2-1/2"]
[WhiteElo "2177"]
[BlackElo "2141"]
[PlyCount "120"]
[EventDate "2023.05.30"]
[EventType "swiss (blitz)"]
[EventRounds "11"]
[EventCountry "USA"]
[SourceTitle "CBM 214 Extra"]
[Source "ChessBase"]
[SourceDate "2023.07.31"]
[SourceVersion "1"]
[SourceVersionDate "2023.07.31"]
[SourceQuality "1"]

1. e4 c5 2. Nf3 d6 3. d4 cxd4 4. Nxd4 Nf6 5. f3 a6 6. c4 e5 7. Nc2 Be7 8. Nc3 Be6 9. Be2 Nbd7 10. 0-0 Rc8 11. Ne3 0-0 12. Ned5 Bxd5 13. exd5 Nh5 14. g3 f5 15. f4 Nhf6 16. fxe5 Nxe5 17. Rxf5 Nxc4 18. Bxc4 Rxc4 19. Qe2 Rc8 20. Bg5 h6 21. Be3 Nh7 22. Raf1 Rxf5 23. Rxf5 Bf6 24. Qd3 Bxc3 25. bxc3 Qe7 26. Bd4 Ng5 27. Kg2 Re8 28. h4 Ne4 29. Rf1 Qd7 30. Re1 Qg4 31. Qf3 Qxf3+ 32. Kxf3 Nd2+ 33. Kf2 Rxe1 34. Kxe1 Ne4 35. g4 Kf7 36. Ke2 b5 37. Kf3 Nd2+ 38. Ke2 Nc4 39. Kd3 a5 40. a4 Na3 41. axb5 Nxb5 42. Bb6 a4 43. Kc4 Na3+ 44. Kb4 Nc2+ 45. Kxa4 Ke7 46. Kb3 Ne1 47. c4 Nf3 48. h5 Ne5 49. Bd4 Nxg4 50. Bxg7 Kd7 51. Kb4 Kc7 52. c5 dxc5+ 53. Kxc5 Kd7 54. Kd4 Kd6 55. Ke4 Nf2+ 56. Kf3 Nd3 57. Bxh6 Kxd5 58. Bg7 Ke6 59. Ke4 Nc5+ 60. Kf4 Kf7 1/2-1/2

[Event "SLO-ch 33rd"]
[Site "Radenci"]
[Date "2023.04.29"]
[Round "6"]
[White "Skuhala, Barbara"]
[Black "Plaskan, Jure"]
[Result "1-0"]
[WhiteElo "2153"]
[BlackElo "2258"]
[PlyCount "73"]
[EventDate "2023.04.25"]
[EventType "team-match"]
[EventRounds "9"]
[EventCountry "SLO"]
[SourceTitle "CBM 214 Extra"]
[Source "ChessBase"]
[SourceDate "2023.07.31"]
[SourceVersion "1"]
[SourceVersionDate "2023.07.31"]
[SourceQuality "1"]

1. e4 c5 2. Nf3 d6 3. d4 Nf6 4. Nc3 cxd4 5. Nxd4 a6 6. Be3 e5 7. Nb3 Be6 8. h3 Be7 9. g4 0-0 10. g5 Ne8 11. h4 Nc6 12. Qd2 Rc8 13. 0-0-0 Nb4 14. Kb1 f5 15. a3 Nc6 16. Bh3 b5 17. exf5 Bxf5 18. Bxf5 Rxf5 19. Nd5 Bf8 20. Qd3 Rf7 21. g6 hxg6 22. h5 g5 23. Rdg1 e4 24. Qxe4 Nf6 25. Nxf6+ gxf6 26. Nd4 d5 27. Qg6+ Rg7 28. Qf5 Qd7 29. Qxf6 Nxd4 30. Bxd4 Rc6 31. Qf3 g4 32. Qf4 Bd6 33. Qe3 Rh7 34. Qg5+ Kf8 35. Rxg4 Qf7 36. Qd8+ Qe8 37. Rg8+ 1-0

[Event "SLO-ch 33rd"]
[Site "Radenci"]
[Date "2023.04.27"]
[Round "4"]
[White "Skuhala, Barbara"]
[Black "Kodric, Gasper"]
[Result "1-0"]
[WhiteElo "2153"]
[BlackElo "2037"]
[PlyCount "77"]
[EventDate "2023.04.25"]
[EventType "team-match"]
[EventRounds "9"]
[EventCountry "SLO"]
[SourceTitle "CBM 214 Extra"]
[Source "ChessBase"]
[SourceDate "2023.07.31"]
[SourceVersion "1"]
[SourceVersionDate "2023.07.31"]
[SourceQuality "1"]

1. e4 c6 2. d4 d5 3. Nc3 dxe4 4. Nxe4 Nf6 5. Nxf6+ exf6 6. c3 Bd6 7. Bd3 0-0 8. Qc2 Re8+ 9. Ne2 h5 10. Be3 Nd7 11. 0-0-0 b5 12. g4 h4 13. h3 Nb6 14. Kb1 Be6 15. Rhg1 a5 16. g5 f5 17. g6 f6 18. Bxf5 Qd7 19. Bxe6+ Qxe6 20. d5 Nxd5 21. Nd4 Qxh3 22. Nxc6 Nxe3 23. fxe3 Qxe3 24. Qb3+ Kh8 25. Qxb5 Qe4+ 26. Ka1 Be5 27. Rd4 Rab8 28. Nxb8 Bxd4 29. Qh5+ Kg8 30. Qh7+ Kf8 31. Qh8+ Ke7 32. Qxg7+ Kd6 33. Qd7+ Kc5 34. cxd4+ Kb6 35. Qxe8 Qxe8 36. g7 h3 37. g8Q h2 38. Qb3+ Ka7 39. Rg7+ 1-0

[Event "Mitropa Cup (Women)"]
[Site "Mali Losinj"]
[Date "2023.04.19"]
[Round "9.20"]
[White "Monpeurt, Cyrielle"]
[Black "Skuhala, Barbara"]
[Result "1/2-1/2"]
[WhiteElo "2130"]
[BlackElo "2153"]
[PlyCount "97"]
[EventDate "2023.04.11"]
[EventType "team-tourn"]
[EventRounds "9"]
[EventCountry "CRO"]
[SourceTitle "CBM 213 Extra"]
[Source "ChessBase"]
[SourceDate "2023.05.31"]
[SourceVersion "1"]
[SourceVersionDate "2023.05.31"]
[SourceQuality "1"]
[WhiteTeam "France (W)"]
[BlackTeam "Slovenia (W)"]
[WhiteTeamCountry "FRA"]
[BlackTeamCountry "SLO"]

1. e4 c5 2. Nc3 d6 3. Nge2 Nf6 4. d4 cxd4 5. Nxd4 a6 6. Bg5 e6 7. Qe2 h6 8. Bh4 Be7 9. 0-0-0 Nbd7 10. f4 Qc7 11. Kb1 Rb8 12. g4 b5 13. Bg2 b4 14. Na4 Bb7 15. Rhe1 Nc5 16. Nxc5 dxc5 17. e5 Nd5 18. Bxe7 Qxe7 19. Bxd5 Bxd5 20. Nf5 Bxa2+ 21. Kxa2 exf5 22. gxf5 0-0 23. Rd6 f6 24. Qc4+ Kh7 25. Re6 Qd8 26. exf6 Rxf6 27. Rxf6 Qxf6 28. Re5 b3+ 29. cxb3 Rb4 30. Qxc5 Rxf4 31. Rd5 Rf3 32. Re5 Rf4 33. Qd5 Rf2 34. h3 Rh2 35. b4 h5 36. Qe6 Rxh3 37. Qxf6 gxf6 38. Re6 Kg7 39. Rxa6 Kf7 40. Ra7+ Ke8 41. b5 Kd8 42. b6 Kc8 43. Rf7 Rf3 44. Rxf6 Kb7 45. b3 h4 46. Rh6 Rxf5 47. Rxh4 Kxb6 48. Ka3 Rf6 49. b4 1/2-1/2

[Event "Mediterranean Flower (Women) 23rd"]
[Site "Rijeka"]
[Date "2023.03.11"]
[Round "9"]
[White "Radeva, Viktoria"]
[Black "Skuhala, Barbara"]
[Result "1-0"]
[WhiteElo "2247"]
[BlackElo "2114"]
[PlyCount "57"]
[EventDate "2023.03.05"]
[EventType "tourn"]
[EventRounds "9"]
[EventCountry "CRO"]
[SourceTitle "CBM 213 Extra"]
[Source "ChessBase"]
[SourceDate "2023.05.31"]
[SourceVersion "1"]
[SourceVersionDate "2023.05.31"]
[SourceQuality "1"]

1. e4 c5 2. Nc3 d6 3. d4 cxd4 4. Qxd4 a6 5. b3 Nc6 6. Qd2 g6 7. Bb2 Bg7 8. 0-0-0 Nf6 9. f3 0-0 10. h4 Qa5 11. Kb1 Be6 12. Nge2 Rfc8 13. g4 Rc7 14. Nd5 Qxd2 15. Rxd2 Bxd5 16. exd5 Nd8 17. Ng3 b5 18. g5 Nd7 19. Bxg7 Kxg7 20. h5 Nf8 21. Bh3 b4 22. Bg4 f5 23. gxf6+ exf6 24. hxg6 hxg6 25. f4 Re7 26. Rg2 Re3 27. Nf5+ gxf5 28. Bh5+ Ng6 29. Bxg6 1-0